000 00746nam a2200229 i 4500
001 bg
100 1 _aBUCZAK, Teresa
245 0 _aWpływy do budżetu państwa z turystyki /
_cTeresa Buczak ; Instytut Turystyki.
260 _aWarszawa :
_bIT,
_c2000.
300 _a19 s. :
_bwykr. ;
_c30 cm.
500 _aSkoroszyt.
650 9 _aTurystyka
_xfinanse
_zPolska
_yod 1989 r.
650 9 _aBudżet państwowy
_zPolska
_ypd 1989 r.
650 9 _aStatystyka
_xstosowanie
_xturystyka
710 0 _aInstytut Turystyki
040 _cBPK
041 0 _apol
080 _a338.48:336.14:311.3](438)
942 _cKS
008 s pl f |000 0 pol
999 _c35449
_d35449
856 _uhttp://koha.tu.koszalin.pl/cgi-bin/koha/opac-detail.pl?biblionumber=35449
_yKatalog online BPK